Autobiografías de soldados : (Record n. 8049)

Dettagli MARC
000 -LEADER
fixed length control field 00775nam a2200217 i 4500
003 - CONTROL NUMBER IDENTIFIER
control field IT-RoINE
005 - DATE AND TIME OF LATEST TRANSACTION
control field 20200721081218.0
008 - FIXED-LENGTH DATA ELEMENTS--GENERAL INFORMATION
fixed length control field 900725s1956 sp |r spa d
040 ## - CATALOGING SOURCE
Original cataloging agency SpMaBN
Language of cataloging spa
Transcribing agency A2 IT-RoINE
Modifying agency IT-RoINE
245 10 - TITLE STATEMENT
Title Autobiografías de soldados :
Remainder of title (Siglo XVII) /
Statement of responsibility, etc edición y estudio preliminar del ... D. José Mª de Cossío.
260 ## - PUBLICATION, DISTRIBUTION, ETC. (IMPRINT)
Place of publication, distribution, etc Madrid :
Name of publisher, distributor, etc Atlas,
Date of publication, distribution, etc 1956.
300 ## - PHYSICAL DESCRIPTION
Extent XXX, 631 p. ;
Dimensions 26 cm.
336 ## - CONTENT TYPE
Source rdacontent
Content type term text
337 ## - MEDIA TYPE
Source rdamedia
Media type term unmediated
338 ## - CARRIER TYPE
Source rdacarrier
Carrier type term volume
490 11 - SERIES STATEMENT
Series statement Biblioteca de autores españoles ;
Volume number/sequential designation 90
650 #4 - SUBJECT ADDED ENTRY--TOPICAL TERM
9 (RLIN) 16640
Topical term or geographic name as entry element Militares
Geographic subdivision España
Chronological subdivision Siglo 17o.
General subdivision Biografías
700 1# - ADDED ENTRY--PERSONAL NAME
Personal name Cossío, José María de,
Dates associated with a name 1893-1977
9 (RLIN) 16641
830 #0 - SERIES ADDED ENTRY--UNIFORM TITLE
9 (RLIN) 12318
Uniform title Biblioteca de autores españoles
942 ## - ADDED ENTRY ELEMENTS (KOHA)
Item type Monografías
Dati di copia
Withdrawn status Lost status Damaged status Not for loan Home library Current library Date acquired Total Checkouts Full call number Barcode Date last seen Price effective from Koha item type
        Iglesia Nacional Española en Roma Iglesia Nacional Española en Roma 16/02/2015   COL.A 20.90 10802 16/02/2015 16/02/2015 Monografías